000 00465nam a22001817a 4500
005 20230110143138.0
008 221217b |||||||| |||| 00| 0 eng d
020 _a978-81906467-2-7
041 _aeng
082 _a338.4 RAJ-H
100 _aRAJPAL ,V. ,KHOLI ,D.P.S
_97374
245 _aHERBAL DRUGS INDUSTRY
250 _a2nd ed.
260 _aNEW DELHI
_bEASTERN PUBLISHERS
_c2009
300 _a422;P.
650 _aPHARMACY
_xB.PHARMA
_97083
942 _cBK
999 _c8089
_d8087